Ciencias de la tierra: una introducción a la geología física

Gorde:
Xehetasun bibliografikoak
Egile Nagusiak: Tarbuck, Edward J (Egilea), Lutgens, Frederick K (Egilea)
Formatua: Liburua
Hizkuntza:gaztelania
Argitaratua: Madrid Prentice Hall 2000
Edizioa:1a. ed
Gaiak:
Etiketak: Etiketa erantsi
Etiketarik gabe, Izan zaitez lehena erregistro honi etiketa jartzen!

MARC

LEADER 00000nam a2200000 a 4500
001 UCN0511
003 CL-VaPUC
008 010323e20000000SP |||||||||||||||||spa|d
020 |a 8483221802 
082 0 4 |a 551  |b TAR  |2 21 
100 0 |a Tarbuck, Edward J  |e author  |9 455774 
700 0 |a Lutgens, Frederick K  |e author  |9 455775 
245 1 0 |a Ciencias de la tierra: una introducción a la geología física 
250 |a 1a. ed 
300 |a 540 p 
942 |c BK 
945 |d 20010323 00:00:00  |a vberengu 
260 |a Madrid  |b Prentice Hall  |c 2000 
500 |a Incluye cd 
500 |a ALGUNOS EJEMPLARES EN INST.DE GEOGRAFIA POR PROY.MINEDUC 
650 0 |a Geología   |9 260984 
650 0 |a Minerales   |9 264051 
650 7 |a ROCAS IGNEAS  |2 CL-VaPUC  |9 357477 
650 7 |a ROCAS PLUTONICAS  |2 CL-VaPUC  |9 357478 
650 0 |a Rocas volcánicas   |9 357476 
650 7 |a ROCAS SEDIMENTARIAS  |2 CL-VaPUC  |9 261673 
650 7 |a ROCAS METAMORFICAS  |2 CL-VaPUC  |9 262681 
650 0 |a Suelos  |9 260322 
650 7 |a CORRIENTES DE AGUA  |2 CL-VaPUC  |9 350181 
650 0 |a Aguas subterráneas  |9 260378 
650 7 |a GLACIARES  |2 CL-VaPUC  |9 330909 
650 7 |a GLACIACION  |2 CL-VaPUC  |9 446703 
650 7 |a DESIERTOS  |2 CL-VaPUC  |9 357427 
650 0 |a Viento  |9 360347 
650 7 |a TIERRA  |2 CL-VaPUC  |9 261538 
650 0 |a Terremotos  |9 267728 
650 7 |a MONTAÑAS  |2 CL-VaPUC  |9 351402 
650 0 |a Volcanes  |9 344502 
583 |a last modification  |c 20140410 07:20:17  |k Rodrigo Vera 
999 |c 294258  |d 294256 
952 |0 0  |1 0  |2 ddc  |4 0  |6 551_000000000000000_TAR_2000  |7 0  |8 A  |9 346378  |a BIBING  |b BIBING  |c RES  |d 2019-11-20  |i 3703401  |o 551 TAR 2000  |p 3703401  |r 2025-01-20  |w 2019-11-20  |y BK  |k GEO 
952 |0 0  |1 2  |4 0  |6 551_000000000000000_TAR_2000  |7 0  |8 R  |9 346379  |a BIBING  |b BIBING  |d 2019-11-20  |i 3781518  |o 551 TAR 2000  |p 3781518  |r 2019-11-20  |w 2019-11-20  |y BK_R  |k GEO 
952 |0 0  |1 0  |2 ddc  |4 0  |6 551_000000000000000_TAR_2000  |7 0  |8 A  |9 346380  |a BIBING  |b BIBING  |c RES  |d 2019-11-20  |i 3965031  |o 551 TAR 2000  |p 3965031  |r 2025-01-20  |w 2019-11-20  |y BK  |k CCL 
952 |0 0  |1 0  |2 ddc  |4 0  |6 551_000000000000000_TAR_2000  |7 0  |8 A  |9 346381  |a BIBING  |b BIBING  |c RES  |d 2019-11-20  |i 4329384  |l 3  |o 551 TAR 2000  |p 4329384  |r 2025-01-20  |s 2024-10-03  |w 2019-11-20  |y BK  |k CIC